Tilastot visalle Sanat - "Matkustaja" - Egotrippi

Klikkaa tästä pelataksesi tätä visaa!

Yleistilastot

  • Tätä visaa on pelattu 483 kertaa
  • Keskiarvotulos 83 / 110

Vastaustilastot

Sanat% Oikein
matkustaja
96%
väsynyt
92%
yksi
92%
linja-autossa
89%
Aina
87%
aina
87%
ei
87%
Yöllä
86%
kyydissä
85%
kerran
84%
kuulutukset
84%
kyytiin
84%
pääse
84%
pakoon
83%
jota
82%
jotta
82%
se
81%
Asemalta
80%
ikkunasta
80%
kaikuivat
80%
katsoo
80%
oot
80%
kutsuna
78%
maisemat
76%
nouset
75%
olla
75%
ohi
74%
vaihtuvat
74%
oikea
73%
huuruisesta
71%
kun
71%
niistä
71%
tahansa
71%
vilahtavat
71%
mikä
70%
ja
69%
pysäkit
69%
voinut
67%
matkalla
65%
on
65%
ikinä
64%
jonnekin
64%
oisi
64%
tietäen
64%
vastaan
64%
minne
63%
päätyykin
61%
sen
60%
tulijat
60%
niin
59%
vaikeita
58%
hyvin
57%
itsekin
57%
selviä
57%
asioita
56%
tietää
56%
ettei
55%
olemassa
55%
puhumalla
55%
varsin
55%
kipeitä
54%
laskee
52%
puolitiessä
51%
jostain
45%

Tulosjakauma

Persentiili vastausten määrän mukaan

Jokaisen tuloksen saaneiden osuus

Tuloshistoriasi

Et ole pelannut tätä visaa